25 Most Famous Cities in Ethiopia on a Map - Statistics

General Stats
  • This quiz has been taken 110 times
  • The average score is 8 of 26
Answers on the Map
Answers color-coded by a green-red scale on the quiz's map according to % correct below.
 
Answer Stats
Wiki Monthly Views Cityquiz Mention Rate Population Answers % Correct
116.40K 51.98% 3860.00K Addis Ababa
100%
9.41K 3.63% 343.00K Dire Dawa
68%
11.78K 4.22% 466.00K Gondar
67%
8.04K 2.68% 457.92K Mekelle
53%
23.78K 2.39% 94.52K Aksum
49%
6.41K 1.84% 350.00K Bahir Dar
48%
12.36K 2.15% 157.00K Harar
47%
5.65K 7.92% 456.90K Adama
40%
5.02K 1.09% 422.20K Hawassa
36%
3.36K 0.44% 270.40K Dessie
32%
20.81K 0.88% 39.10K Lalibela
31%
4.52K 0.79% 198.00K Jijiga
29%
3.63K 0.85% 250.91K Jimma
28%
1.95K 0.27% 146.92K Debre Birhan
24%
2.78K 0.41% 207.40K Bishoftu
23%
2.16K 0.63% 201.05K Arba Minch
21%
1.75K 0.48% 97.64K Gambela
21%
1.54K 0.13% 121.80K Adigrat
19%
4.31K 0.09% 208.40K Shashamane
17%
1.57K 0.39% 204.12K Sodo
17%
3.51K 0.75% 85.64K Adwa
15%
1.88K 0.09% 57.00K Moyale
13%
1.39K 0.57% 156.00K Nekemte
13%
1.61K 0.02% 99.91K Ambo
11%
1.33K 0.15% 69.70K Asosa
9%
2.01K 0.01% 40.60K Irgachefe
5%
No matching quizzes found
Score Distribution
Percent of People with Each Score
Percentile by Number Answered
Your Score History
You have not taken this quiz